000 00803nam a2200265Ia 4500
001 Para_7177
003 CHAP
008 220125s1965 xx 000 0 und d
010 _a206063
040 _cCHAP
090 _aPA R-83
100 _aAllen, Robert T.
_9172213
245 _aA taxonomic study of Louisiana Carabidae (Insecta :
_b Coleoptera) /
_c by Robert T. Allen
260 _aBaton Rouge, Louisian :
_b Louisiana State University
300 _a30 p.
500 _aSobretiro de. Proceedings of the Louisiana Academy of Sciences Vol. XVIII, December, 1965
650 _aColeopteros
_x EUA
_9166252
901 _aPA R-83
902 _aA
905 _a0000001965 a 0000000000 00
910 _a1965
942 _cPARA
942 _cPARA
_d1
999 _c206063
_d206063